000 00836nam a2200217 i 4500
001 71072
003 ES-MaACL
005 20251116063055.0
007 t|
008 040805s1949 sp ||||1| spa d
100 1 _aGavira Martín, José,
_d1903-1951
_956090
245 1 3 _aEl viajero español por Marruecos, don Joaquín Gatell (el "Kaid Ismail") /
_cJ. Gavira.
260 _aMadrid :
_bInstituto de Estudios Africanos,
_c1949 (
_fAres)
300 _a173 p., 10 lám. :
_bret. aut. ;
_c24 cm.
500 _aPrecede al tit.: Consejo Superior de Investigación Científicas.
600 1 4 _aGatell, Joaquín (
_d1826-1879)
_9153512
651 4 _aMarruecos-
_xDescripción.
_99025
710 2 _aConsejo Superior de Investigaciones Científicas (España)
_93236
852 _aES-MaACL
_jG-8695
_bR.28468
999 _c71072
_d71072